El cerezo: guía técnica
Gespeichert in:
| Hauptverfasser: | , |
|---|---|
| Format: | Buch |
| Sprache: | Spanisch |
| Veröffentlicht: |
Concepción
Universidad de Concepción
2004
|
| Schlagworte: | |
| Tags: |
Tag hinzufügen
Keine Tags, Fügen Sie den ersten Tag hinzu!
|
MARC
| LEADER | 00000nam a2200000 a 4500 | ||
|---|---|---|---|
| 001 | UCH2532 | ||
| 003 | CL-VaPUC | ||
| 008 | 090618e20040000CL |||||||||||||||||spa|d | ||
| 020 | |a 9562990729 | ||
| 082 | 0 | 4 | |a 634.23 |b JOU |2 21 |
| 100 | |a Joublan Millán, Jean Paul |e autor |9 786838 | ||
| 700 | 0 | |a Claverie, Jacques |e author |9 537388 | |
| 245 | 1 | 3 | |a El cerezo: guía técnica |
| 300 | |a 333 p | ||
| 942 | |c BK | ||
| 945 | |d 20090618 00:00:00 |a rbrito | ||
| 260 | |a Concepción |b Universidad de Concepción |c 2004 | ||
| 650 | 7 | |a CEREZO |2 CL-VaPUC |9 264837 | |
| 650 | 0 | |a Cultivo |9 264268 | |
| 650 | 0 | |a Polinización |9 259680 | |
| 650 | 7 | |a PORTAINJERTOS |2 CL-VaPUC |9 537389 | |
| 650 | 7 | |a CRECIMIENTO |2 CL-VaPUC |9 537390 | |
| 650 | 0 | |a Riego |9 259685 | |
| 650 | 0 | |a Fertilización |9 259681 | |
| 650 | 0 | |a Control de plagas |9 327373 | |
| 650 | 0 | |a Cosecha |9 259688 | |
| 650 | 7 | |a EXPORTACIONES |2 CL-VaPUC |9 255382 | |
| 583 | |a last modification |c 20090618 00:00:00 |k Rodrigo Vera | ||
| 999 | |c 334261 |d 334259 | ||
| 952 | |0 0 |1 0 |4 0 |6 634_230000000000000_JOU_2004 |7 0 |8 A |9 423153 |a BIBAGR |b BIBAGR |d 2019-11-22 |i 4565045 |l 6 |o 634.23 JOU 2004 |p 4565045 |r 2025-01-20 |s 2023-06-07 |w 2019-11-22 |y BK |k AGR | ||